| 000 | 00687nam a22002177a 4500 | ||
|---|---|---|---|
| 005 | 20250402125037.0 | ||
| 010 | _aENG-144410 | ||
| 020 |
_c600.00 _a9788172764692 |
||
| 035 | _aEN-127942 | ||
| 037 | E | _bDBAD | |
| 082 |
_a342.5409 _22nd |
||
| 100 |
_aMunshi, K M _980104 |
||
| 245 |
_aPilgrimage To Freedom : _bIndian Constitutional Documents/ _cK M Munshi |
||
| 250 | _a2nd | ||
| 260 |
_aKulapati Munshi Marg, Mumbai _bBharatiya Vidya Bhavan _c2012 |
||
| 270 |
_aKulapati Munshi Marg, Mumbai - 400 007 _bMumbai _e400 007 _mbhavan@bhavans.info |
||
| 300 |
_axviii, 621(Hb) _c25 cm (Hb) |
||
| 490 | _vVolume 1 | ||
| 760 | _b1 | ||
| 942 |
_2ddc _cEN _h342.5407 _mMUN _e1 |
||
| 999 |
_c210648 _d210648 |
||